000 00628cam a2200217 4500500
005 20260329005810.0
041 _afre
042 _adc
100 1 0 _aKlein, Étienne
_eauthor
245 0 0 _aOù commence la tyrannie ?
260 _c2025.
500 _a97
690 _aDonald Trump
690 _aPouvoir
690 _aSusan Neiman
690 _aThomas Chatterton Williams
690 _aTyran
690 _aTyrannie
786 0 _nPhilosophie magazine | 188 | 4 | 2025-04-01 | p. 24-24 | 1951-1787
856 4 1 _uhttps://shs.cairn.info/magazine-philosophie-magazine-2025-4-page-24?lang=fr&redirect-ssocas=7080
999 _c1846740
_d1846740